Liedtext - Warum - 257ers - Statistiken

Allgemein
  • Dieses Quiz wurde 20 mal gespielt
  • Das Durchschnittsergebnis liegt bei 238 aus 507
Antwortstatistiken
Antwort % Korrekt
Du
94%
du
94%
war
94%
Wär'
94%
auf,
88%
auf
88%
auf!
88%
auf?
88%
Ja,
88%
und
88%
Und
88%
"Warum
88%
Warum
88%
warum
88%
Warum?
88%
warum?
88%
den
81%
dich
81%
Die
81%
die
81%
da
75%
Denn
75%
denn
75%
der
75%
Öl
75%
Wie
75%
das
69%
das?
69%
Das
69%
ist
69%
nicht,
69%
nicht
69%
nicht?"
69%
regst
69%
Schon
69%
schon
69%
es
63%
mit
63%
mit?"
63%
wieder
63%
gemacht?
56%
gestorben?
56%
Hamster
56%
hat
56%
Haufen
56%
Hund
56%
ich
56%
Ich
56%
ihr
56%
ihr!
56%
Ihr
56%
Käse
56%
Nachbar
56%
ne
56%
sie
56%
sie,
56%
uns
56%
vom
56%
Wiese
56%
wir
56%
Wir
56%
geh
50%
hab
50%
hart
50%
in
50%
In
50%
mal
50%
Rand
50%
so
50%
stinkt
50%
zur
50%
als
44%
An
44%
kann
44%
laut?
44%
mach
44%
Nein,
44%
was
44%
Weg!
44%
weg,
44%
Ab
38%
aber
38%
Aber
38%
Arbeit
38%
auch
38%
aus
38%
Bären
38%
deine
38%
deinen
38%
ein
38%
Gehen
38%
gehen
38%
Im
38%
im
38%
Komm,
38%
können
38%
leb
38%
machen
38%
mein
38%
mitten
38%
reiten?
38%
doch
31%
fragen:
31%
gibt
31%
Hier
31%
hier
31%
jetzt
31%
Jetzt
31%
krank
31%
lass
31%
lassen
31%
Man
31%
mir
31%
mir,
31%
Nacht
31%
noch
31%
Regen
31%
regen
31%
solltest
31%
Tag
31%
vielleicht
31%
von
31%
wenn
31%
werden
31%
am
25%
bin
25%
Dann
25%
eben
25%
Ey
25%
Ey,
25%
gerade
25%
heute
25%
immer
25%
kein
25%
keine
25%
liebe
25%
Meine
25%
mischen
25%
müssen
25%
sag:
25%
seid
25%
sind
25%
stand
25%
vertrau
25%
warm
25%
Außerdem
19%
bau
19%
Bier
19%
Bild.de
19%
brau'
19%
darüber
19%
Darum
19%
Film
19%
fühl
19%
Gefahr
19%
geht
19%
gesehen
19%
Glas
19%
gut
19%
gut,
19%
hält
19%
jede
19%
jedem
19%
kann's
19%
lebt
19%
Leute,
19%
mehr
19%
mich
19%
Mond
19%
'nen
19%
nur
19%
passt
19%
Scheiße
19%
vertrauen
19%
Welt
19%
wohl,
19%
wohl
19%
angeln,
13%
Bäumen
13%
Blätter,
13%
blöde
13%
Boot
13%
brauch
13%
einfach
13%
euren
13%
Finger
13%
Flusswasser,
13%
Gas
13%
gegen
13%
geht's
13%
Gerste
13%
gibt's
13%
große
13%
Homo-Ehe!
13%
Hopfen
13%
jeden
13%
Kleber
13%
Klopapier?
13%
Möwen
13%
ohne
13%
Öltanker
13%
Papageien
13%
Pelz
13%
Pläne
13%
Resten
13%
Sauerei
13%
schließen
13%
schmiedet
13%
Schokocreme
13%
sinkt
13%
sogar
13%
verbesser'
13%
wachsen
13%
werft
13%
will
13%
wozu
13%
Zelt
13%
backe
6%
befreien
6%
Besseres
6%
Besuchern
6%
Biotop,
6%
Brot
6%
Brötchen
6%
bunt
6%
Decken,
6%
Döner
6%
etlichen
6%
Feld,
6%
Fleisch
6%
fürs
6%
geduscht
6%
Gemüse
6%
gern
6%
Getreide
6%
guck,
6%
hey,
6%
Hühner
6%
Kekse,
6%
Körner,
6%
länger
6%
Lebensraum
6%
liegt
6%
Lösung
6%
Löwensenf
6%
meistens
6%
melk
6%
Mike,
6%
Millionär,
6%
Möhren
6%
Natur,
6%
Packt
6%
Pier
6%
pleite
6%
Quark
6%
renne
6%
rette
6%
Rettet
6%
Salat!
6%
Schweine,
6%
Staat
6%
steigt,
6%
Tellerwäscher
6%
übers
6%
üble
6%
vergiften?
6%
Wald,
6%
Wanne
6%
wäre
6%
Weltbevölkerung
6%
färben
0%
Schnecken
0%
Teig,
0%
Züchte
0%
Keine übereinstimmenden Quizze gefunden
Verteilung der Resultate
Anzahl Personen mit jedem Resultat
Perzentil nach korrekt beantworteten Fragen
Ihre Resultats-Entwicklung
Sie haben dieses Quiz noch nicht gespielt